[Event "Keres Memorial"]
[Site "Tallinn"]
[Date "2010.01.30"]
[Round "4"]
[White "Kulaots, Kaido"]
[Black "Seeman, Tarvo"]
[Result "1-0"]
[WhiteElo "2579"]
[BlackElo "2424"]
[PlyCount "77"]
[EventDate "2010.01.28"]
[EventType "tourn"]
[EventRounds "9"]
[EventCountry "EST"]
[EventCategory "10"]
[SourceTitle "OM OTB B 201907"]
[Source "Opening Master"]
[SourceDate "2019.07.06"]
[SourceVersion "2"]
[SourceVersionDate "2019.07.06"]
[SourceQuality "1"]

1. e4 c5 2. Nf3 Nc6 3. Nc3 d6 4. d4 cxd4 5. Nxd4 Nf6 6. Be2 e5 7. Nf3 h6 8. O-O
Be7 9. Re1 O-O 10. h3 Re8 11. Bb5 a6 12. Bf1 Bf8 13. b3 Ne7 14. Bb2 Be6 15. a4
Qc7 16. Na2 g5 17. c4 Ng6 18. Nc3 Rad8 19. a5 Bg7 20. g3 Qd7 21. Kh2 Qe7 22.
Bg2 g4 23. hxg4 Nxg4+ 24. Kg1 h5 25. Nd5 Bxd5 26. Qxd5 h4 27. Bh3 Nf6 28. Qd2
hxg3 29. fxg3 Nh7 30. Kg2 Nhf8 31. Rh1 Ne6 32. Bf5 Nd4 33. Nxd4 exd4 34. Bxd4
Ne5 35. Rh7 Qf8 36. Rah1 Re6 37. Bxe6 fxe6 38. Bxe5 dxe5 39. Rxg7+ 1-0

[Event "FICS rated standard game"]
[Site "FICS freechess.org"]
[Date "2010.01.30"]
[Round "?"]
[White "deionsandersson"]
[Black "parrot"]
[Result "1/2-1/2"]
[WhiteElo "2029"]
[BlackElo "2222"]
[PlyCount "87"]
[EventDate "2010.??.??"]

1. e4 c5 2. Nf3 Nc6 3. d4 cxd4 4. Nxd4 Nf6 5. Nc3 d6 6. Be2 e5 7. Nb3 h6 8. O-O
Be7 9. Re1 Be6 10. Nd2 d5 11. exd5 Nxd5 12. Nxd5 Qxd5 13. Bf3 Qd6 14. Nf1 O-O-O
15. Be3 Qc7 16. Qc1 f5 17. Bxc6 Qxc6 18. f3 Kb8 19. c3 f4 20. Bf2 Qc7 21. Nd2
Rd3 22. Ne4 b6 23. Qc2 Rhd8 24. b3 g5 25. Rad1 Rxd1 26. Rxd1 Rxd1+ 27. Qxd1 g4
28. c4 gxf3 29. gxf3 Qc8 30. Be1 Qg8+ 31. Kh1 Qg6 32. Bc3 Qh5 33. Qd3 Bc8 34.
Nd6 Be6 35. b4 a6 36. Ne4 Kb7 37. a4 Qe8 38. Nd6+ Bxd6 39. Qxd6 Qh5 40. Qe7+
Ka8 41. Qd8+ Kb7 42. Qe7+ Kb8 43. Qd8+ Kb7 44. Qe7+ 1/2-1/2

[Event "FICS rated standard game"]
[Site "FICS freechess.org"]
[Date "2010.01.30"]
[Round "?"]
[White "trobi"]
[Black "Moassy"]
[Result "0-1"]
[WhiteElo "2052"]
[BlackElo "2222"]
[PlyCount "58"]
[EventDate "2010.??.??"]

1. e4 c5 2. Nf3 d6 3. d4 cxd4 4. Nxd4 Nf6 5. Nc3 Nc6 6. Be2 e5 7. Nb3 Be7 8. a4
O-O 9. O-O Be6 10. Be3 a6 11. f3 Rc8 12. Nd5 Bxd5 13. exd5 Na5 14. Nxa5 Qxa5
15. c4 Bd8 16. Qb3 Nd7 17. Qxb7 Bb6 18. Bxb6 Nxb6 19. b4 Qxb4 20. Rab1 Qc5+ 21.
Kh1 Nxa4 22. Rfc1 Qe3 23. Bf1 Nc5 24. Qb6 Rfd8 25. Qa7 Ra8 26. Qb6 a5 27. Re1
Qf2 28. Re2 Qd4 29. Re4 Nxe4 0-1

[Event "BUL-ch sf"]
[Site "Plovdiv"]
[Date "2010.01.27"]
[Round "5"]
[White "Ivanov, Tsvetalin"]
[Black "Mladenov, Plamen"]
[Result "0-1"]
[WhiteElo "2142"]
[BlackElo "2394"]
[PlyCount "28"]
[EventDate "2010.01.24"]
[EventType "swiss"]
[EventRounds "9"]
[EventCountry "BUL"]
[SourceTitle "OM OTB B 201907"]
[Source "Opening Master"]
[SourceDate "2019.07.06"]
[SourceVersion "2"]
[SourceVersionDate "2019.07.06"]
[SourceQuality "1"]

1. e4 c5 2. Nf3 d6 3. d4 cxd4 4. Nxd4 Nf6 5. Nc3 Nc6 6. Be2 e5 7. Nxc6 bxc6 8.
O-O Be7 9. Bg5 h6 10. Bxf6 Bxf6 11. Nd5 cxd5 12. Bb5+ Bd7 13. Qxd5 Bxb5 14.
Qxb5+ Qd7 0-1

[Event "CZE-chT1W 0910"]
[Site "Czechia"]
[Date "2010.01.24"]
[Round "7.3"]
[White "Vaculik, Martin"]
[Black "Neckar, Lubomir"]
[Result "0-1"]
[WhiteElo "2299"]
[BlackElo "2337"]
[PlyCount "110"]
[EventDate "2009.10.11"]
[EventType "team-tourn"]
[EventRounds "11"]
[EventCountry "CZE"]
[SourceTitle "OM OTB B 201907"]
[Source "Opening Master"]
[SourceDate "2019.07.06"]
[SourceVersion "2"]
[SourceVersionDate "2019.07.06"]
[SourceQuality "1"]

1. e4 c5 2. Nf3 Nc6 3. Nc3 d6 4. d4 cxd4 5. Nxd4 Nf6 6. Be2 e5 7. Nf3 h6 8. O-O
Be7 9. Re1 O-O 10. h3 a6 11. Bf1 Qc7 12. Nd5 Nxd5 13. exd5 Nb8 14. c4 Nd7 15.
b3 a5 16. Bb2 Nc5 17. Rc1 Bf5 18. Bc3 Bg6 19. Nd2 Rfe8 20. a3 Bg5 21. g3 Qb6
22. b4 axb4 23. Bxb4 Bxd2 24. Bxd2 Rxa3 25. Ra1 Rea8 26. Rxa3 Rxa3 27. Qc1 Ra2
28. Qc3 Qb2 29. Qxb2 Rxb2 30. Be3 b6 31. f3 Ra2 32. Re2 Ra1 33. Kg2 Bd3 34. Rf2
Bxf1+ 35. Rxf1 Rxf1 36. Kxf1 f5 37. Ke2 g5 38. g4 Kf7 39. gxf5 Kf6 40. Kf2 Kxf5
41. Kg3 Nd7 42. h4 e4 43. hxg5 hxg5 44. f4 gxf4+ 45. Bxf4 Ne5 46. c5 dxc5 47.
d6 Nd7 48. Bh6 Ke5 49. Bf4+ Ke6 50. Kf2 Nf6 51. Ke2 Ne8 52. d7 Kxd7 53. Ke3 Nd6
54. Bg5 Ke6 55. Bd8 Kd5 0-1

[Event "Mecklenburg VP LL2 West 0910"]
[Site "Mecklenburg VP"]
[Date "2010.01.24"]
[Round "5.4"]
[White "Voll, Andreas"]
[Black "Schiewer, Robert"]
[Result "1/2-1/2"]
[WhiteElo "1935"]
[BlackElo "1881"]
[PlyCount "96"]
[EventDate "2009.10.18"]
[EventType "team-tourn"]
[EventRounds "9"]
[EventCountry "GER"]
[SourceTitle "OM OTB B 201907"]
[Source "Opening Master"]
[SourceDate "2019.07.06"]
[SourceVersion "2"]
[SourceVersionDate "2019.07.06"]
[SourceQuality "1"]

1. e4 c5 2. Nf3 d6 3. d4 cxd4 4. Nxd4 Nf6 5. Nc3 Nc6 6. Be2 e5 7. Nb3 Be7 8.
Be3 O-O 9. f3 Be6 10. Qd2 d5 11. exd5 Nxd5 12. Nxd5 Qxd5 13. Qxd5 Bxd5 14.
O-O-O Rfd8 15. Kb1 b6 16. Bb5 Rac8 17. Rhe1 f6 18. Bf2 Be6 19. Rxd8+ Nxd8 20.
Bd3 Nf7 21. Bg3 g5 22. h4 h6 23. hxg5 hxg5 24. Bf2 Kg7 25. Rh1 f5 26. Nc1 Rh8
27. Rxh8 Nxh8 28. Ne2 Nf7 29. Nc3 Nd6 30. a4 Bf7 31. a5 bxa5 32. Bxa7 Nc8 33.
Bf2 Kf6 34. Ba6 Nd6 35. Kc1 Bc4 36. Bxc4 Nxc4 37. Nd5+ Ke6 38. Nxe7 Kxe7 39. b3
Nd6 40. Bb6 Nb7 41. Kd2 Kd6 42. Ke3 Kc6 43. Ba7 Kd5 44. Bb6 Kc6 45. Ba7 Kb5 46.
Bb8 Nd8 47. Ba7 Nb7 48. Bb8 Nd8 1/2-1/2

[Event "CZE-chTE U20 0910"]
[Site "Czechia"]
[Date "2010.01.23"]
[Round "7.3"]
[White "Tomeckova, Aneta"]
[Black "Langnerova, Karolina"]
[Result "1/2-1/2"]
[WhiteElo "1802"]
[BlackElo "1877"]
[PlyCount "111"]
[EventDate "2009.10.03"]
[EventType "team-tourn"]
[EventRounds "7"]
[EventCountry "CZE"]
[SourceTitle "OM OTB B 201907"]
[Source "Opening Master"]
[SourceDate "2019.07.06"]
[SourceVersion "2"]
[SourceVersionDate "2019.07.06"]
[SourceQuality "1"]

1. e4 c5 2. Nf3 Nc6 3. d4 cxd4 4. Nxd4 Nf6 5. Nc3 d6 6. Be2 e5 7. Nb3 Be7 8.
O-O O-O 9. Bg5 a6 10. a4 Be6 11. Bxf6 Bxf6 12. Nd5 Bg5 13. Qd3 Rc8 14. c3 Ne7
15. Nxe7+ Qxe7 16. Nd2 Rfd8 17. Nf3 d5 18. Nxg5 Qxg5 19. exd5 Rxd5 20. Qg3 Qxg3
21. hxg3 f5 22. Rfd1 Kf7 23. f3 Rcd8 24. Rxd5 Rxd5 25. Bc4 Rd2 26. Bxe6+ Kxe6
27. b4 Rc2 28. Ra3 Kd5 29. b5 axb5 30. axb5 Kc5 31. Rb3 Kc4 32. Rb4+ Kxc3 33.
Rh4 h6 34. Rh5 Rb2 35. Rxf5 Rxb5 36. Rf7 g5 37. Rh7 Rb6 38. g4 Kd4 39. Re7 Rb1+
40. Kh2 b5 41. Rh7 b4 42. Rxh6 b3 43. Rb6 b2 44. Rb8 Kc3 45. Rc8+ Kd3 46. Rd8+
Ke3 47. Rb8 e4 48. fxe4 Kxe4 49. g3 Kf3 50. Rf8+ Kxg4 51. Rb8 Kf3 52. Rf8+ Ke4
53. Re8+ Kd5 54. Rb8 g4 55. Kg2 Ke4 56. Re8+ 1/2-1/2

[Event "Belgrade-ch"]
[Site "Belgrade"]
[Date "2010.01.23"]
[Round "1"]
[White "Andrejevic, Miladin"]
[Black "Indjic, Dusan"]
[Result "0-1"]
[WhiteElo "1914"]
[BlackElo "2316"]
[PlyCount "54"]
[EventDate "2010.01.23"]
[EventType "swiss"]
[EventRounds "9"]
[EventCountry "YUG"]
[SourceTitle "OM OTB B 201907"]
[Source "Opening Master"]
[SourceDate "2019.07.06"]
[SourceVersion "2"]
[SourceVersionDate "2019.07.06"]
[SourceQuality "1"]

1. e4 c5 2. Nf3 Nc6 3. d4 cxd4 4. Nxd4 Nf6 5. Nc3 d6 6. Be2 e5 7. Nb3 Be7 8.
O-O O-O 9. Bd3 h6 10. Be3 Be6 11. Kh1 Nb4 12. Be2 d5 13. exd5 Nbxd5 14. Nxd5
Nxd5 15. Bc5 b6 16. Bxe7 Qxe7 17. Bf3 Rad8 18. Qe2 Qc7 19. Rfe1 Nb4 20. Be4 f5
21. Bd3 e4 22. Rec1 Bxb3 23. cxb3 exd3 24. Qd2 Nc2 25. Rab1 Rfe8 26. Qc3 Qxc3
27. bxc3 d2 0-1

[Event "New Delhi Parsvnath op 8th"]
[Site "New Delhi"]
[Date "2010.01.16"]
[Round "4"]
[White "Anuprita, Patil"]
[Black "Tilak, Sharad S"]
[Result "1/2-1/2"]
[WhiteElo "2050"]
[BlackElo "2318"]
[PlyCount "32"]
[EventDate "2010.01.14"]
[EventType "swiss"]
[EventRounds "11"]
[EventCountry "IND"]
[SourceTitle "OM OTB B 201907"]
[Source "Opening Master"]
[SourceDate "2019.07.06"]
[SourceVersion "2"]
[SourceVersionDate "2019.07.06"]
[SourceQuality "1"]

1. e4 c5 2. Nf3 d6 3. d4 cxd4 4. Nxd4 Nf6 5. Nc3 Nc6 6. Be2 e5 7. Nf3 h6 8. O-O
Be7 9. Re1 O-O 10. b3 Be6 11. Bb2 Rc8 12. Bf1 d5 13. exd5 Nxd5 14. Nxd5 Qxd5
15. Bd3 Bf6 16. Be4 Qxd1 1/2-1/2

[Event "San Pedro del Pinatar op 1st"]
[Site "San Pedro del Pinatar"]
[Date "2010.01.16"]
[Round "4"]
[White "Munoz Navarro, Alberto"]
[Black "Castillo Lorente, Jose Luis"]
[Result "1-0"]
[WhiteElo "2181"]
[BlackElo "1835"]
[PlyCount "109"]
[EventDate "2010.01.15"]
[EventType "swiss"]
[EventRounds "7"]
[EventCountry "ESP"]
[SourceTitle "OM OTB B 201907"]
[Source "Opening Master"]
[SourceDate "2019.07.06"]
[SourceVersion "2"]
[SourceVersionDate "2019.07.06"]
[SourceQuality "1"]

1. e4 c5 2. Nf3 Nc6 3. d4 cxd4 4. Nxd4 Nf6 5. Nc3 d6 6. Be2 e5 7. Nb3 Be6 8.
O-O d5 9. exd5 Nxd5 10. Nxd5 Bxd5 11. Be3 Be7 12. c3 O-O 13. Nc5 b6 14. Nb7 Qd7
15. Bf3 e4 16. Bxe4 Qxb7 17. Qxd5 Rac8 18. Rad1 Rfd8 19. Qh5 g6 20. Qf3 Re8 21.
Rd2 Qc7 22. Rfd1 Ne5 23. Qg3 Rcd8 24. Rxd8 Bxd8 25. Bf4 Bf6 26. h3 Qc4 27. Bd5
Qe2 28. Rd2 Qe1+ 29. Kh2 Kg7 30. Be3 Rd8 31. f4 Qxg3+ 32. Kxg3 Nd7 33. Bc6 Nc5
34. Rxd8 Bxd8 35. b4 Ne6 36. Kf3 Bc7 37. a4 Kf6 38. Ke4 Ke7 39. g3 Kd6 40. Be8
Ke7 41. Bb5 Ng7 42. Kd5 Nf5 43. Bf2 Nd6 44. Kc6 Bb8 45. c4 Ke6 46. c5 bxc5 47.
bxc5 Ne4 48. Be1 h5 49. Kb7 a6 50. Bc4+ Kd7 51. c6+ Kd6 52. Bb4+ Nc5+ 53. Bxc5+
Kxc5 54. Kxb8 Kxc6 55. Bxf7 1-0

[Event "Marianske Lazne IM-A"]
[Site "Marianske Lazne"]
[Date "2010.01.16"]
[Round "1"]
[White "Bielczyk, Jacek"]
[Black "Vlasak, Lukas"]
[Result "1/2-1/2"]
[WhiteElo "2299"]
[BlackElo "2214"]
[PlyCount "70"]
[EventDate "2010.01.16"]
[EventType "tourn"]
[EventRounds "9"]
[EventCountry "CZE"]
[EventCategory "2"]
[SourceTitle "OM OTB B 201907"]
[Source "Opening Master"]
[SourceDate "2019.07.06"]
[SourceVersion "2"]
[SourceVersionDate "2019.07.06"]
[SourceQuality "1"]

1. e4 c5 2. Nf3 d6 3. d4 cxd4 4. Nxd4 Nf6 5. Nc3 Nc6 6. Be2 e5 7. Nxc6 bxc6 8.
Qd3 Be7 9. Qg3 O-O 10. O-O Rb8 11. f4 exf4 12. Bxf4 Rxb2 13. e5 Ne8 14. Ne4 Bh4
15. Qc3 Qb6+ 16. Kh1 Qb4 17. Qxb4 Rxb4 18. Nxd6 Be6 19. a3 Ra4 20. g3 Nxd6 21.
exd6 Bf6 22. Rad1 Rxa3 23. h4 h6 24. Kg2 Ra2 25. Bd3 Rd8 26. Be4 Bd5 27. Bxd5
Rxc2+ 28. Kh3 cxd5 29. Rxd5 Rd7 30. Bxh6 Bxh4 31. Bxg7 Bxg3 32. Bf6 Rf2 33.
Rg5+ Kh7 34. Rxf2 Bxf2 35. Be7 f6 1/2-1/2

[Event "New Delhi Parsvnath op 8th"]
[Site "New Delhi"]
[Date "2010.01.15"]
[Round "3"]
[White "Barua, Dibyendu"]
[Black "Shashikant, Kutwal"]
[Result "1-0"]
[WhiteElo "2493"]
[BlackElo "2319"]
[PlyCount "179"]
[EventDate "2010.01.14"]
[EventType "swiss"]
[EventRounds "11"]
[EventCountry "IND"]
[SourceTitle "OM OTB B 201907"]
[Source "Opening Master"]
[SourceDate "2019.07.06"]
[SourceVersion "2"]
[SourceVersionDate "2019.07.06"]
[SourceQuality "1"]

1. e4 c5 2. Nf3 d6 3. d4 cxd4 4. Nxd4 Nf6 5. Nc3 Nc6 6. Be2 e5 7. Nf3 h6 8. O-O
Be7 9. h3 O-O 10. Re1 a6 11. Bf1 Qc7 12. Nd5 Nxd5 13. exd5 Nb8 14. c4 a5 15. b3
Bf5 16. Bb2 Na6 17. a3 Bg6 18. Rc1 Rfe8 19. Bd3 Bxd3 20. Qxd3 Nc5 21. Qc2 e4
22. Nd4 Nd3 23. Rxe4 Nxc1 24. Qxc1 Bg5 25. Qe1 Rxe4 26. Qxe4 Qe7 27. Qxe7 Bxe7
28. Nf5 Bf8 29. a4 g6 30. Ne3 Re8 31. Bc3 Ra8 32. Kf1 Ra6 33. Nc2 Bg7 34. Bd2
Kf8 35. Na3 Ke7 36. Nb5 Kd7 37. Ke2 h5 38. Kd3 Bf6 39. Bf4 Bd8 40. Nc3 Ra8 41.
Ne4 Be7 42. Bd2 f5 43. Nc3 Bd8 44. Ne2 Bb6 45. f3 Bd8 46. Nd4 Bb6 47. Ne6 Rg8
48. Bg5 Re8 49. Bf6 Kc8 50. Bc3 Kd7 51. Bd2 Rg8 52. c5 Bxc5 53. Bxa5 Bf2 54.
Bd2 Rc8 55. b4 b6 56. Nf4 Bg3 57. Ne6 Bf2 58. a5 bxa5 59. bxa5 Rb8 60. Kc4 Rb2
61. Bc3 Rb8 62. Bb4 Be3 63. Bc3 Bf2 64. Nf4 Rc8+ 65. Kb3 Rb8+ 66. Kc4 Rc8+ 67.
Kd3 Bg3 68. Ne6 Be5 69. Bb4 Rc1 70. Nf8+ Kc7 71. Nxg6 Rd1+ 72. Bd2 Rg1 73. Nxe5
dxe5 74. Bc3 Kd6 75. Kc4 Rxg2 76. Bb4+ Kc7 77. Kb5 e4 78. fxe4 f4 79. a6 f3 80.
d6+ Kd7 81. a7 f2 82. a8=Q f1=Q+ 83. Kb6 Qg1+ 84. Kb7 Rg8 85. Qa4+ Ke6 86. Qb3+
Ke5 87. Qd5+ Kf4 88. d7 Qg2 89. Bd2+ Kf3 90. e5+ 1-0

[Event "Novosibirsk Polyak Memorial op"]
[Site "Novosibirsk"]
[Date "2010.01.15"]
[Round "3"]
[White "Glukhov, Mikhail"]
[Black "Pimankin, Sergey"]
[Result "1/2-1/2"]
[WhiteElo "2207"]
[BlackElo "2187"]
[PlyCount "75"]
[EventDate "2010.01.11"]
[EventType "swiss"]
[EventRounds "9"]
[EventCountry "RUS"]
[SourceTitle "OM OTB B 201907"]
[Source "Opening Master"]
[SourceDate "2019.07.06"]
[SourceVersion "2"]
[SourceVersionDate "2019.07.06"]
[SourceQuality "1"]

1. e4 c5 2. Nf3 Nc6 3. d4 cxd4 4. Nxd4 Nf6 5. Nc3 d6 6. Be2 e5 7. Nb3 Be7 8.
O-O O-O 9. f4 a5 10. a4 Nb4 11. Be3 Be6 12. f5 Bxb3 13. cxb3 d5 14. exd5 Nfxd5
15. Nxd5 Nxd5 16. Bf2 Bg5 17. Bc4 Ne3 18. Bxe3 Bxe3+ 19. Kh1 Qxd1 20. Raxd1
Rfd8 21. Rd5 Bd4 22. Rd1 Kf8 23. g4 b6 24. Kg2 Ke7 25. Kf3 h6 26. Rd2 Rxd5 27.
Bxd5 Rc8 28. Bc4 Kf6 29. Ke4 g6 30. fxg6 fxg6 31. h4 Kg7 32. Rd1 Rc7 33. Rd2
Rc6 34. Rd1 Rf6 35. Rf1 Bxb2 36. Rxf6 Kxf6 37. h5 Kg5 38. Be2 1/2-1/2

[Event "San Pedro del Pinatar op 1st"]
[Site "San Pedro del Pinatar"]
[Date "2010.01.15"]
[Round "2"]
[White "Torres Samper, Rafael"]
[Black "Castillo Lorente, Jose Luis"]
[Result "1-0"]
[WhiteElo "2051"]
[BlackElo "1835"]
[PlyCount "67"]
[EventDate "2010.01.15"]
[EventType "swiss"]
[EventRounds "7"]
[EventCountry "ESP"]
[SourceTitle "OM OTB B 201907"]
[Source "Opening Master"]
[SourceDate "2019.07.06"]
[SourceVersion "2"]
[SourceVersionDate "2019.07.06"]
[SourceQuality "1"]

1. e4 c5 2. Nf3 Nc6 3. d4 cxd4 4. Nxd4 Nf6 5. Nc3 d6 6. Be2 e5 7. Nb3 a5 8. a4
Be6 9. Bg5 h6 10. Bxf6 Qxf6 11. Nd5 Qd8 12. O-O Bxd5 13. Qxd5 Be7 14. f4 O-O
15. Rad1 Nb4 16. Qd2 exf4 17. Kh1 Qb6 18. Nd4 Bg5 19. Nf3 Bf6 20. Qxf4 Nxc2 21.
Rxd6 Qxb2 22. e5 Be7 23. Rd7 Rae8 24. Qe4 Na3 25. Rxb7 Bb4 26. Bd3 g6 27. Qg4
Re6 28. Rxf7 Kxf7 29. Ng5+ Ke8 30. Qxe6+ Kd8 31. Qb6+ Kd7 32. e6+ Ke7 33. Qc7+
Ke8 34. Qd7# 1-0

[Event "Seville op 35th"]
[Site "Seville"]
[Date "2010.01.13"]
[Round "6"]
[White "Rizouk, Aimen"]
[Black "Lanzani, Mario"]
[Result "1-0"]
[WhiteElo "2532"]
[BlackElo "2369"]
[PlyCount "129"]
[EventDate "2010.01.08"]
[EventType "swiss"]
[EventRounds "9"]
[EventCountry "ESP"]
[SourceTitle "OM OTB B 201907"]
[Source "Opening Master"]
[SourceDate "2019.07.06"]
[SourceVersion "2"]
[SourceVersionDate "2019.07.06"]
[SourceQuality "1"]

1. e4 c5 2. Nf3 d6 3. d4 cxd4 4. Nxd4 Nf6 5. Nc3 Nc6 6. Be2 e5 7. Nb3 Be7 8.
O-O O-O 9. Kh1 a5 10. a4 Nb4 11. f4 Bd7 12. Bf3 Bc6 13. Qe2 Re8 14. Be3 Qc7 15.
Qf2 exf4 16. Bxf4 Bf8 17. Rfe1 Nd7 18. Nd4 Ne5 19. Rad1 Qe7 20. Qg3 Qf6 21. Bh5
Ng6 22. Rf1 Bxe4 23. Bg5 Qe5 24. Nxe4 Qxe4 25. c3 Na6 26. Bf3 Qe5 27. Bxb7 Qxg3
28. hxg3 Nc5 29. Bxa8 Rxa8 30. Ra1 Ne4 31. Bf4 Nxf4 32. Rxf4 d5 33. g4 Bc5 34.
Rd1 g5 35. Rf3 h5 36. gxh5 g4 37. Rf4 g3 38. Rd3 Nf2+ 39. Rxf2 gxf2 40. Rf3
Bxd4 41. cxd4 Rb8 42. Rxf2 Rb4 43. Rd2 Kg7 44. Kh2 Kh6 45. Rf2 Rxd4 46. Rxf7
Kxh5 47. b3 Rd3 48. Rf3 Rd2 49. Rc3 Rb2 50. Rd3 Kg6 51. Rxd5 Rxb3 52. Rxa5 Ra3
53. g3 Kf6 54. Kh3 Kg6 55. Kh4 Kf6 56. g4 Ra1 57. Ra6+ Kf7 58. Kg5 Rc1 59. Ra7+
Kf8 60. Kh6 Rc6+ 61. Kh5 Rc4 62. a5 Rc5+ 63. g5 Rc6 64. g6 Rc1 65. Rf7+ 1-0

[Event "Cup Polipost (active)"]
[Site "Sofia (Bulgaria)"]
[Date "2010.01.10"]
[Round "6"]
[White "Nikolov, Rumen"]
[Black "Ivanova, Simoneta"]
[Result "0-1"]
[WhiteElo "1756"]
[BlackElo "1839"]
[PlyCount "109"]
[EventDate "2010.??.??"]
[EventRounds "7"]
[EventCountry "BUL"]
[SourceTitle "OM OTB B 201907"]
[Source "Opening Master"]
[SourceDate "2019.07.06"]
[SourceVersion "2"]
[SourceVersionDate "2019.07.06"]
[SourceQuality "1"]

1. e4 c5 2. Nf3 d6 3. d4 cxd4 4. Nxd4 Nf6 5. Nc3 Nc6 6. Be2 e5 7. Nb3 Be6 8.
O-O Be7 9. f4 O-O 10. f5 Bxb3 11. axb3 Nd4 12. Be3 Nxe2+ 13. Nxe2 Ng4 14. Bf2
Bh4 15. Ng3 Nxf2 16. Rxf2 Qb6 17. Qg4 Bxg3 18. Qxg3 f6 19. Kh1 Qd4 20. Qh4 d5
21. Rf3 Qxe4 22. Qxe4 dxe4 23. Re3 Rfd8 24. Rxe4 Rd2 25. Rc4 Rad8 26. Kg1 a6
27. Kf1 g6 28. fxg6 hxg6 29. Rc7 f5 30. Re1 e4 31. Re2 R2d7 32. Rc4 Kf7 33. h4
Kf6 34. g3 Ke5 35. Rc5+ Rd5 36. Rc7 R8d7 37. Rc8 Re7 38. Rf8 Rd6 39. Kf2 Red7
40. Ke3 Rd1 41. g4 f4+ 42. Rxf4 R1d3+ 43. cxd3 Rxd3+ 44. Kf2 Kxf4 45. h5 gxh5
46. gxh5 Rh3 47. Kg2 Rxh5 48. Rc2 Ke3 49. Rc3+ Kd2 50. Rc4 Rg5+ 51. Kf1 Rf5+
52. Kg2 e3 53. Rd4+ Ke1 54. Kg3 e2 55. Kg4 0-1

[Event "Ruhrgebiet VL2 0910"]
[Site "Germany"]
[Date "2010.01.10"]
[Round "5.7"]
[White "Konietzka, Bernd"]
[Black "Vierbuchen, Joachim"]
[Result "1/2-1/2"]
[WhiteElo "1894"]
[BlackElo "1860"]
[PlyCount "81"]
[EventDate "2009.09.06"]
[EventType "team-tourn"]
[EventRounds "9"]
[EventCountry "GER"]
[SourceTitle "OM OTB B 201907"]
[Source "Opening Master"]
[SourceDate "2019.07.06"]
[SourceVersion "2"]
[SourceVersionDate "2019.07.06"]
[SourceQuality "1"]

1. e4 c5 2. Nf3 Nc6 3. d4 cxd4 4. Nxd4 Nf6 5. Nc3 d6 6. Be2 e5 7. Nb3 Be7 8.
Be3 Be6 9. Bf3 Na5 10. O-O O-O 11. Nxa5 Qxa5 12. Qd3 Qb4 13. a3 Qc4 14. Rfd1
Rfc8 15. Rac1 a6 16. Qd2 h6 17. Qd3 b5 18. Qxc4 Rxc4 19. Be2 Rcc8 20. f3 Nd7
21. Nd5 Bxd5 22. Rxd5 Rc6 23. c3 g5 24. Kf2 Kg7 25. Ra1 Rb8 26. g3 Nb6 27. Rd2
Nc4 28. Bxc4 bxc4 29. Rb1 Bd8 30. Rbd1 Bc7 31. Rc2 f6 32. Ke2 Kg6 33. Rf1 Bb6
34. Bc1 Bc5 35. h3 Rf8 36. f4 Rcc8 37. Be3 Rfe8 38. Kf3 exf4 39. Bxc5 Rxc5 40.
gxf4 d5 41. Re1 1/2-1/2

[Event "Verbandsliga Nord Baden 0910"]
[Site "Germany"]
[Date "2010.01.10"]
[Round "5.7"]
[White "Mueller, Waldemar"]
[Black "Landenberger, Martin"]
[Result "0-1"]
[WhiteElo "2132"]
[BlackElo "2151"]
[PlyCount "80"]
[EventDate "2009.10.11"]
[EventType "team-tourn"]
[EventRounds "9"]
[EventCountry "GER"]
[SourceTitle "OM OTB B 201907"]
[Source "Opening Master"]
[SourceDate "2019.07.06"]
[SourceVersion "2"]
[SourceVersionDate "2019.07.06"]
[SourceQuality "1"]

1. e4 c5 2. Nf3 d6 3. Nc3 Nc6 4. d4 cxd4 5. Nxd4 Nf6 6. Be2 e5 7. Nb3 Be7 8.
Be3 Be6 9. O-O O-O 10. Qd2 d5 11. exd5 Nxd5 12. Nxd5 Bxd5 13. Rad1 Be4 14. Qc3
Qc7 15. Nc5 Nd4 16. Rxd4 exd4 17. Bxd4 Bxc5 18. Bxc5 Rfc8 19. Bd4 Qf4 20. Qg3
Qxg3 21. hxg3 Rxc2 22. Bf3 Bxf3 23. gxf3 Rd2 24. Bc3 Rd7 25. Re1 f6 26. Re4 Kf7
27. f4 Re8 28. Rc4 Kg6 29. Kg2 Re2 30. Kf3 Rc2 31. Rb4 a6 32. g4 h5 33. f5+ Kg5
34. gxh5 Kxh5 35. Kg3 Kg5 36. Rf4 Rd3+ 37. Rf3 Rxf3+ 38. Kxf3 Kxf5 39. Ke3 g5
40. Kd3 Rxf2 0-1

[Event "Novokuznetsk op"]
[Site "Novokuznetsk"]
[Date "2010.01.08"]
[Round "8"]
[White "Sitnikov, Dmitrij"]
[Black "Chernov, Mikhail"]
[Result "1-0"]
[WhiteElo "2423"]
[BlackElo "2094"]
[PlyCount "55"]
[EventDate "2010.01.02"]
[EventType "swiss"]
[EventRounds "10"]
[EventCountry "RUS"]
[SourceTitle "OM OTB B 201907"]
[Source "Opening Master"]
[SourceDate "2019.07.06"]
[SourceVersion "2"]
[SourceVersionDate "2019.07.06"]
[SourceQuality "1"]

1. e4 c5 2. Nf3 Nc6 3. d4 cxd4 4. Nxd4 Nf6 5. Nc3 d6 6. Be2 e5 7. Nf3 h6 8. O-O
Be7 9. Re1 O-O 10. h3 Be6 11. Bf1 Nb8 12. Na4 Nbd7 13. c4 Rc8 14. b3 a6 15. Bb2
Nc5 16. Nc3 Qc7 17. b4 Ncd7 18. Nd5 Bxd5 19. exd5 Qb8 20. Rc1 b5 21. c5 dxc5
22. Nxe5 Nxe5 23. Bxe5 Qa7 24. d6 Bd8 25. Bd4 Nd7 26. bxc5 Nxc5 27. Qg4 g6 28.
Qxc8 1-0

[Event "Privolzhskogo FO-ch (Women)"]
[Site "Izhevsk"]
[Date "2010.01.06"]
[Round "4"]
[White "Brylova, Natalia"]
[Black "Shaidullina, Sandugach"]
[Result "0-1"]
[WhiteElo "1908"]
[BlackElo "2256"]
[PlyCount "62"]
[EventDate "2010.01.04"]
[EventType "swiss"]
[EventRounds "9"]
[EventCountry "RUS"]
[SourceTitle "OM OTB B 201907"]
[Source "Opening Master"]
[SourceDate "2019.07.06"]
[SourceVersion "2"]
[SourceVersionDate "2019.07.06"]
[SourceQuality "1"]

1. e4 c5 2. Nf3 Nc6 3. d4 cxd4 4. Nxd4 Nf6 5. Nc3 d6 6. Be2 e5 7. Nb3 Be7 8.
O-O O-O 9. Kh1 Be6 10. f4 exf4 11. Bxf4 d5 12. exd5 Nxd5 13. Nxd5 Qxd5 14. Qxd5
Bxd5 15. Rad1 Be6 16. c3 a5 17. Bf3 a4 18. Nd4 Nxd4 19. Rxd4 Bc5 20. Rd2 Bxa2
21. Bxb7 Rad8 22. Rfd1 Rxd2 23. Rxd2 Re8 24. h3 h6 25. Kh2 Re1 26. Rd8+ Kh7 27.
Bd5 Bg1+ 28. Kg3 Bxd5 29. Rxd5 g5 30. Bd6 Re3+ 31. Kg4 Kg6 0-1